| 000 | 00599nam a2200205 i 4500 | ||
|---|---|---|---|
| 001 | 70057 | ||
| 003 | ES-MaACL | ||
| 005 | 20250111062529.0 | ||
| 007 | t| | ||
| 008 | 040715s1985 sp ||||1| spa d | ||
| 020 | _a84-339-1728-5 | ||
| 100 | 1 |
_aGarcía Morales, Adelaida. _954984 |
|
| 245 | 1 | 3 |
_aEl silencio de las sirenas / _cAdelaida García Morales. |
| 260 |
_aBarcelona : _bAnagrama, _c1985. |
||
| 300 |
_a168 p. ; _c20 cm. |
||
| 490 | 1 | _aNarrativas hispánicas | |
| 830 | 0 | 0 |
_aNarrativas hispánicas (Anagrama) _9178124 |
| 852 |
_aES-MaACL _jL-11147 _bR.111075 |
||
| 999 |
_c70057 _d70057 |
||